Spravodajca ústredných štatistických orgánov

Na minha lista:
Detalhes bibliográficos
Formato: Periódico
Idioma:eslovaco
Publicado em: Bratislava Štat. a evid. vyd. tlačív 1986
Tags: Adicionar Tag
Sem tags, seja o primeiro a adicionar uma tag!

MARC

LEADER 00000nas2a2200000 4500
001 s028842
005 20250730114138.6
041 0 |a slo 
044 |a SK 
245 1 0 |a Spravodajca ústredných štatistických orgánov 
264 1 |a Bratislava  |b Štat. a evid. vyd. tlačív  |c 1986 
300 |a 1 zv. 
773 0 |w eu_un_cat*s120793